000 00640nam a2200217 a 4500
001 2503
003 BD-RjUL
005 20211208233551.0
008 131211s1966 enk b 000 0 eng
035 _a(BD-RjUL)2530
040 _aDLC
_cDLC
_dDLC
_dBD-RjUL
_beng
041 _aeng
082 0 0 _a370.942
_223
_bBUE 1966
100 1 _aButler, Rt Hon Lord
_98098
245 1 4 _aThe education act of 1944 and after /
_cRt Hon Lord Butler,
260 _aLondon :
_bLongman for the university of esserx,
_cc1966.
300 _a24 p. ;
_c19 cm.
504 _aIncludes bibliographies
650 0 _aEducation act
_9461
_y1944
_zEngland
942 _2ddc
_cBK
999 _c2503
_d2503